BIBLIOTECA

SENCICO

Arquitectura de interiores : (Registro nro. 5019)

Detalles MARC
000 -LEADER
fixed length control field 00971nam a22002897a 4500
003 - CONTROL NUMBER IDENTIFIER
control field PE SENCICO BE
005 - DATE AND TIME OF LATEST TRANSACTION
control field 20251020182709.0
008 - FIXED-LENGTH DATA ELEMENTS--GENERAL INFORMATION
fixed length control field 241205b |||||||| |||| 00| 0 eng d
020 ## - INTERNATIONAL STANDARD BOOK NUMBER
International Standard Book Number 978-84-9801-487-7
040 ## - CATALOGING SOURCE
Original cataloging agency PE SENCICO BE
Transcribing agency PE SENCICO BE
041 ## - LANGUAGE CODE
Language code of text/sound track or separate title spa
082 ## - DEWEY DECIMAL CLASSIFICATION NUMBER
Classification number 729
Item number H86
100 1# - MAIN ENTRY--PERSONAL NAME
9 (RLIN) 980
Personal name Hudson, Jennifer
Relator term autor
245 1# - TITLE STATEMENT
Title Arquitectura de interiores :
Remainder of title del boceto a la construcción /
Statement of responsibility, etc. Jennifer Hudson
250 ## - EDITION STATEMENT
Edition statement 1a ed.
260 ## - PUBLICATION, DISTRIBUTION, ETC.
Place of publication, distribution, etc. Londres :
Name of publisher, distributor, etc. Blume ;
Date of publication, distribution, etc. 2010
300 ## - PHYSICAL DESCRIPTION
Extent 240 p. :
Other physical details il. col., lams. ;
Dimensions 28 cm.
505 0# - FORMATTED CONTENTS NOTE
Formatted contents note Locales comerciales -- Hoteles, clubes y restaurantes -- Empresas -- Edificios públicos -- Vivienda
650 10 - SUBJECT ADDED ENTRY--TOPICAL TERM
9 (RLIN) 8
Topical term or geographic name entry element Arquitectura de interiores
650 20 - SUBJECT ADDED ENTRY--TOPICAL TERM
9 (RLIN) 199
Topical term or geographic name entry element Distribución de espacios (viviendas)
650 20 - SUBJECT ADDED ENTRY--TOPICAL TERM
9 (RLIN) 880
Topical term or geographic name entry element Centros comerciales
650 20 - SUBJECT ADDED ENTRY--TOPICAL TERM
9 (RLIN) 1806
Topical term or geographic name entry element Hoteles
650 20 - SUBJECT ADDED ENTRY--TOPICAL TERM
9 (RLIN) 66
Topical term or geographic name entry element Restaurantes
650 20 - SUBJECT ADDED ENTRY--TOPICAL TERM
9 (RLIN) 2748
Topical term or geographic name entry element Edificios públicos
910 ## - USER-OPTION DATA (OCLC)
User-option data hfp
-- hfp
-- hfp
942 ## - ADDED ENTRY ELEMENTS (KOHA)
Source of classification or shelving scheme Dewey Decimal Classification
Koha item type Libros
Existencias
Fecha de la última vez que lo usaron Pago total Signatura topográfica completa Código de barras Precio efectivo desde Tipo de documento Estado perdido Sistema de clasificación Estado dañado No es para préstamo Retirado Ubicación permanente Ubicación actual Fecha de adquisición Fuente de adquisición
05/12/2024   729/H86 BibLima24120016 05/12/2024 Libros   Dewey Decimal Classification       Biblioteca Central Lima Biblioteca Central Lima 18/11/2024 Comprado de la librería Cydma Tech